Szczegóły MARC21

Lesebuch /

003 -Nazwa inst., której nr kontr. jest w polu 001 [,]
    • @
    • Nazwa instytucji, której n kontrolny jest w polu 001
    • NUKAT
005 -DATA I CZAS OSTATNIEJ MODYFIKACJI [,]
    • @
    • pole kontrolne
    • 20241231110952.0
020 -Międzynarod. znormalizowany nr książki - ISBN [ , ]
    • a
    • Numer ISBN
    • 3100735250 Find
040 -Instytucja sporządzająca opis [ , ]
    • a
    • Instytucja, która sporządziła opis (NP)
    • WR U/BAs
    • b
    • Język katalogowania
    • pol
    • e
    • Zasady katalogowania
    • rda
    • c
    • Instytucja, która sporządziła rekord (NP)
    • WR U/jd
    • d
    • Instytucja, która zmodyfikowała rekord (P)
    • WR U/dl
    • d
    • Instytucja, która zmodyfikowała rekord (P)
    • WR U/jd
    • d
    • Instytucja, która zmodyfikowała rekord (P)
    • SZCZ U/ABs
942 -Rodzaj dokumentu [ , ]
    • c
    • Rodzaj dokumentu
    • Książka
100 -Hasło główne - nazwa osobowa [1, ]
    • a
    • Nazwa osobowa (NP)
    • Schnitzler, Arthur
    • d
    • Daty biograficzne (NP)
    • (1862-1931).
    • e
    • Rodzaj współpracy
    • Autor
    • 9
    • KHW
    • 251674
245 -Strefa tytułu i oznaczenia odpowiedzialności [1,0]
    • a
    • Tytuł
    • Lesebuch / Find
    • c
    • Pozostałe elementy strefy tytułu i oznaczenia odpowiedzialności (NP)
    • Schnitzler.
260 -Strefa adresu wydawniczego [ , ]
    • a
    • Miejsce wydania (P)
    • Frankfurt am Main :
    • b
    • Nazwa wydawcy (P)
    • S. Fischer Verlag,
    • c
    • Data wydania (P)
    • copyright 1978.
300 -Strefa opisu fizycznego [ , ]
    • a
    • Określenie formy książki i/lub objętość (NP)
    • 477, [2] strony ;
    • c
    • Format (NP)
    • 24 cm.
336 -Typ zawartości [ , ]
    • a
    • Termin opisujący typ zawartości
    • Tekst
    • b
    • Kod określający zawartość
    • txt
    • 2
    • Źródło (terminu i kodu)
    • rdacontent
337 -Typ mediów [ , ]
    • a
    • Tryb odtwarzania
    • Bez urządzenia pośredniczącego
    • b
    • Kod typu mediów
    • n
    • 2
    • Źródło (terminu i kodu)
    • rdamedia
338 -Typ/rodzaj nośnika [ , ]
    • a
    • Hasło opisujące typ nośnika
    • Wolumin
    • b
    • Kod typu nośnika
    • nc
    • 2
    • Źródło (terminu i kodu)
    • rdacarrier
505 -Uwaga dot. zawartości książki [0, ]
    • a
    • Uwaga dot. zawartości książki
    • Der Sohn ; Liebelei ; Reigen ; Der Ehrentag ; Leutnant Gustl ; Das Schicksal des Freiherrn von Leisenbogh ; Professor Bernhardi ; Frau Beate und ihr Sohn ; Flucht in die Finsternis.
655 -Hasło w funkcji tematu formalnego [ ,7]
    • a
    • Hasło
    • Dramat niemiecki
    • y
    • Określnik chronologiczny
    • 1870-1914.
    • 2
    • Źródło terminu
    • kaba
    • 9
    • KHW
    • 359151
700 -Hasło dodatkowe - nazwa osobowa [1,2]
    • a
    • Nazwa osobowa (NP)
    • Schnitzler, Arthur Find
    • d
    • Daty biograficzne (NP)
    • (1862-1931).
    • t
    • Tytuł ujednolicony/tytuł (NP)
    • Sohn Find
    • l
    • Język tekstu (NP)
    • (niem.)
    • 9
    • KHW
    • 460912
700 -Hasło dodatkowe - nazwa osobowa [1,2]
    • a
    • Nazwa osobowa (NP)
    • Schnitzler, Arthur Find
    • d
    • Daty biograficzne (NP)
    • (1862-1931).
    • t
    • Tytuł ujednolicony/tytuł (NP)
    • Liebelei Find
    • l
    • Język tekstu (NP)
    • (niem.)
    • 9
    • KHW
    • 460915
700 -Hasło dodatkowe - nazwa osobowa [1,2]
    • a
    • Nazwa osobowa (NP)
    • Schnitzler, Arthur Find
    • d
    • Daty biograficzne (NP)
    • (1862-1931).
    • t
    • Tytuł ujednolicony/tytuł (NP)
    • Reigen Find
    • l
    • Język tekstu (NP)
    • (niem.)
    • 9
    • KHW
    • 460916
700 -Hasło dodatkowe - nazwa osobowa [1,2]
    • a
    • Nazwa osobowa (NP)
    • Schnitzler, Arthur Find
    • d
    • Daty biograficzne (NP)
    • (1862-1931).
    • t
    • Tytuł ujednolicony/tytuł (NP)
    • Ehrentag Find
    • l
    • Język tekstu (NP)
    • (niem.)
    • 9
    • KHW
    • 460913
700 -Hasło dodatkowe - nazwa osobowa [1,2]
    • a
    • Nazwa osobowa (NP)
    • Schnitzler, Arthur Find
    • d
    • Daty biograficzne (NP)
    • (1862-1931).
    • t
    • Tytuł ujednolicony/tytuł (NP)
    • Leutnant Gustl Find
    • l
    • Język tekstu (NP)
    • (niem.)
    • 9
    • KHW
    • 448566
700 -Hasło dodatkowe - nazwa osobowa [1,2]
    • a
    • Nazwa osobowa (NP)
    • Schnitzler, Arthur Find
    • d
    • Daty biograficzne (NP)
    • (1862-1931).
    • t
    • Tytuł ujednolicony/tytuł (NP)
    • Schicksal des Freiherrn von Leisenbogh Find
    • l
    • Język tekstu (NP)
    • (niem.)
    • 9
    • KHW
    • 460911
700 -Hasło dodatkowe - nazwa osobowa [1,2]
    • a
    • Nazwa osobowa (NP)
    • Schnitzler, Arthur Find
    • d
    • Daty biograficzne (NP)
    • (1862-1931).
    • t
    • Tytuł ujednolicony/tytuł (NP)
    • Professor Bernhardi Find
    • l
    • Język tekstu (NP)
    • (niem.)
    • 9
    • KHW
    • 460910
700 -Hasło dodatkowe - nazwa osobowa [1,2]
    • a
    • Nazwa osobowa (NP)
    • Schnitzler, Arthur Find
    • d
    • Daty biograficzne (NP)
    • (1862-1931).
    • t
    • Tytuł ujednolicony/tytuł (NP)
    • Frau Beate und ihr Sohn Find
    • l
    • Język tekstu (NP)
    • (niem.)
    • 9
    • KHW
    • 460914
700 -Hasło dodatkowe - nazwa osobowa [1,2]
    • a
    • Nazwa osobowa (NP)
    • Schnitzler, Arthur Find
    • d
    • Daty biograficzne (NP)
    • (1862-1931).
    • t
    • Tytuł ujednolicony/tytuł (NP)
    • Flucht in die Finsternis Find
    • l
    • Język tekstu (NP)
    • (niem.)
    • 9
    • KHW
    • 460909
710 -Hasło dodatkowe - nazwa ciała zbiorowego [2, ]
    • a
    • Nazwa ciała zbiorowego lub nazwa geograficzna jako pierwszy element (NP)
    • S. Fischer Verlag.
    • e
    • Rodzaj współpracy
    • Wydawca
    • 4
    • Kod relacji
    • pbl
    • 9
    • KHW
    • 60789
920 -ISBN [ , ]
    • a
    • ISBN
    • 3-10-073525-0 Find
Lokalizacja Numer inwentarzowy Status udost. Sygnatura
BMG.1296-3Germ. Literatura austriacka